000
00256nam a22001097a 4500
082
_a
737.4 REI'H
100
_a
REINFELD, FRED
_9
57958
245
_a
HOW TO BUILD A COIN COLLECTION
260
_a
NEWYORK
_b
BARNES & NOBLE
_c
1959
300
_a
158P
942
_c
BK
999
_c
568194
_d
568194